| 000 | 01174nam a2200325 a 4500 | ||
|---|---|---|---|
| 001 | 4441774 | ||
| 003 | ARRUPE | ||
| 005 | 20140910165620.0 | ||
| 008 | 940127s1993 vau b 001 0 eng d | ||
| 010 | _a 94174633 | ||
| 020 | _a0931888549 (pbk.) | ||
| 020 | _a0931888557 (cloth) | ||
| 035 | _a(OCoLC)29694844 | ||
| 040 |
_aMe _cMe _dDLC |
||
| 042 | _alccopycat | ||
| 050 | 0 | 0 |
_aBR252 _b.C38 1993 |
| 082 | 0 | 0 |
_a270.4 _220 |
| 100 | 1 |
_aCarroll, Warren Hasty. _911260 |
|
| 245 | 1 | 4 |
_aA History of Christendom/ _cWarren H. Carroll. |
| 260 |
_aFront Royal, Va. : _bChristendom Press, _cc1993. |
||
| 300 |
_a774 p. ; _c23 cm. |
||
| 490 | 1 |
_aA history of Christendom / Warren H. Carroll ; _vvol. 3 |
|
| 504 | _aIncludes bibliographical references (p. 715-732) and index. | ||
| 650 | 0 |
_aChurch history _yMiddle Ages, 600-1500. _911261 |
|
| 650 | 0 |
_aMonasticism and religious orders _xHistory _yMiddle Ages, 600-1500. _911262 |
|
| 800 | 1 |
_aCarroll, Warren Hasty. _tHistory of Christendom ; _vvol. 3. _911263 |
|
| 906 |
_a7 _bcbc _ccopycat _d2 _encip _f19 _gy-gencatlg |
||
| 942 |
_2lcc _cMONOGRAPH |
||
| 999 |
_c120837 _d120837 |
||